000 00330nam a2200133Ia 4500
008 151213s9999 xx 000 0 und d
100 _aMichal Ferber
245 _aThe Poetry of Shelly
_cMichal Ferber
260 _aLondon
_bPenguin book
_c1993
300 _a1879 p.
650 _aEnglish
700 _aMichal Ferber
999 _c1384
_d1384